| 000 | 01014cam a22002654a 4500 | ||
|---|---|---|---|
| 001 | 84764 | ||
| 003 | BD-RjUL | ||
| 005 | 20250310124503.0 | ||
| 008 | 250310s1949 ii b b 000 0 urdo | ||
| 035 | _a(BD-RjUL)84764 | ||
| 040 |
_aDLC _cDLC _dDLC _beng |
||
| 041 | _aurd | ||
| 082 |
_223 _a297.0902 _bNAT 1949 |
||
| 100 | 1 |
_aندوی، شاہ معین الدین احمد ;; Nadvi, Shah Moinuddin Ahmed _915164 |
|
| 245 | 1 | 0 |
_aتاریخ اسلام: ; Tārīkh-i Islām / _cشاہ معین الدین احمد ندوی ;; Shah Moinuddin Ahmed Nadvi |
| 246 | 1 | _aHistory of Islam | |
| 260 |
_aاعظم گڑھ :Azamgarh : _bمعارف پریس : Maarif Press , _c1949 |
||
| 300 |
_aV. : _bmaps ; _c23 cm. |
||
| 504 | _aIncludes bibliographical references | ||
| 505 | _aVol. 1. part. 3 . خلافت عباسیہ ;; Abbasid Caliphate.-- | ||
| 520 | _aChronological history of Islamic Empire from 750to 944 | ||
| 651 | 0 |
_aIslamic Empire _xHistory _vChronology. _915165 |
|
| 942 |
_2ddc _cBK |
||
| 999 |
_c84764 _d84764 |
||